000 00681nam a22002297a 4500
003 UA-OsUOA
001 60858
007 ta
008 20090610b un ||||| |||| 00| 0 ukr d
100 _aДорошенко І.
700 _aДелі О.
090 _a330
_bД69
942 _cSA
040 _aUA-OsUOA
_bukr
_cUA-OsUOA
_dUA-OsUOA
245 _aТеоретико-методологічні основи концепції розвитку фінансових ринків в умовах глобальної кризи
300 _aС.20-32
955 _a0
041 _aukr
080 _a330
773 0 _w60856
650 7 _a330 Економіка взагалі
_2UDC
999 _c346808
_d346808